000 00349nam a2200157Ia 4500
003 OSt
008 191201s2005 xx 000 0 und d
082 _a658.4
_bICC
100 _aICFAI
245 0 _aCase Studies in Organizational Culture
250 _a1st
260 _aNew Delhi
_bICFAI
_c2005
300 _a356
650 _aMBA
942 _2ddc
_cBK
999 _c3332
_d3332